[Event "Olympiad-44"]
[Site "Chennai"]
[Date "2022.07.31"]
[Round "3.1"]
[White "Esungi, Guy Botetsi"]
[Black "Mannhart, Marcel"]
[Result "0-1"]
[WhiteElo "1481"]
[BlackElo "2110"]
[PlyCount "80"]
[EventDate "2022.07.29"]
[EventType "team-swiss"]
[EventRounds "11"]
[EventCountry "IND"]
[SourceTitle "CBM 210"]
[Source "ChessBase"]
[SourceDate "2022.10.31"]
[SourceVersion "1"]
[SourceVersionDate "2022.10.31"]
[SourceQuality "1"]
[WhiteTeam "Congo"]
[BlackTeam "Liechtenstein"]
[WhiteTeamCountry "CON"]
[BlackTeamCountry "LIE"]

1. e4 c5 2. Nc3 Nc6 3. Nf3 g6 4. d3 Bg7 5. Bd2 d6 6. Be2 e5 7. 0-0 Nge7 8. Qc1 h6 9. a3 b6 10. Qb1 f5 11. b4 f4 12. b5 Nb8 13. a4 Be6 14. Ra3 Nd7 15. Qa1 g5 16. a5 Rb8 17. axb6 axb6 18. Ra7 0-0 19. Nb1 Bf6 20. c4 g4 21. Ne1 h5 22. f3 Bg7 23. Nc2 Nc8 24. Ra2 Qh4 25. Be1 g3 26. Bxg3 fxg3 27. hxg3 Qxg3 28. Nc3 Bh6 29. Qe1 Qg6 30. Qh4 Bf4 31. Nd5 Bg3 32. Qh1 Bxd5 33. cxd5 Rf4 34. Qh3 Nf8 35. Ne3 Rh4 36. Qf5 Bh2+ 37. Kh1 Bf4+ 38. Qh3 Rxh3+ 39. gxh3 Bxe3 40. Raa1 Kh7 0-1

[Event "Olympiad-43"]
[Site "Batumi"]
[Date "2018.09.25"]
[Round "2.2"]
[White "Mannhart, Marcel"]
[Black "Press, Shaun"]
[Result "1-0"]
[WhiteElo "2096"]
[BlackElo "1935"]
[PlyCount "143"]
[EventDate "2018.09.24"]
[EventType "team-swiss"]
[EventRounds "11"]
[EventCountry "GEO"]
[SourceTitle "CBM 187"]
[Source "ChessBase"]
[SourceDate "2018.12.11"]
[SourceVersion "1"]
[SourceVersionDate "2018.12.11"]
[SourceQuality "1"]
[WhiteTeam "Liechtenstein"]
[BlackTeam "Papua New Guinea"]
[WhiteTeamCountry "LIE"]
[BlackTeamCountry "PNG"]

1. Nc3 e5 2. Nf3 Nc6 3. d4 exd4 4. Nxd4 Nf6 5. Bg5 Bb4 6. Nxc6 bxc6 7. Qd4 Qe7 8. Bxf6 gxf6 9. 0-0-0 c5 10. Qe4 c6 11. Qxe7+ Kxe7 12. Na4 d6 13. c3 Ba5 14. e4 Rg8 15. f3 Be6 16. b3 f5 17. exf5 Bxf5 18. g4 Be6 19. h3 Bb6 20. Kc2 Rgd8 21. Re1 Kf8 22. Bd3 Kg7 23. Rhf1 Re8 24. Kd1 d5 25. Re2 Bd7 26. Rfe1 Rxe2 27. Rxe2 Re8 28. Rxe8 Bxe8 29. Bf5 h6 30. Ke2 Kf6 31. f4 Bc7 32. Kf3 Bd6 33. Nb2 Bc7 34. c4 Kg7 35. h4 f6 36. Be6 d4 37. Nd3 Bd6 38. h5 Be7 39. Ke4 Bd6 40. Kf5 Be7 41. Ke4 a5 42. Ne1 Bd8 43. Kf5 Be7 44. Nd3 Bd6 45. Ke4 Be7 46. Bf5 Bd6 47. Nb2 Be7 48. Na4 Bd6 49. Nb6 Bc7 50. Bd7 Bxd7 51. Nxd7 Bd6 52. Nb6 Bc7 53. Na4 Bd6 54. Nb2 Kf7 55. Kf5 Be7 56. Nd3 Bd6 57. g5 fxg5 58. fxg5 hxg5 59. Kxg5 Kg7 60. Kf5 Kh6 61. Kg4 Kg7 62. Nf2 Kh6 63. Ne4 Be7 64. Ng3 Bf6 65. Nf5+ Kh7 66. Kf4 Kg8 67. Ke4 Kf7 68. Nd6+ Kg7 69. Nb7 Be7 70. Nxa5 Kh6 71. Nxc6 Bd6 72. a4 1-0

[Event "Olympiad-41"]
[Site "Tromsoe"]
[Date "2014.08.11"]
[Round "9.3"]
[White "Gavarrete, Nahun"]
[Black "Mannhart, Marcel"]
[Result "0-1"]
[WhiteElo "2190"]
[BlackElo "2105"]
[PlyCount "102"]
[EventDate "2014.08.02"]
[EventType "team-swiss"]
[EventRounds "11"]
[EventCountry "NOR"]
[SourceTitle "CBM 162"]
[Source "ChessBase"]
[SourceDate "2014.09.17"]
[SourceVersion "1"]
[SourceVersionDate "2014.09.17"]
[SourceQuality "1"]
[WhiteTeam "Honduras"]
[BlackTeam "Liechtenstein"]
[WhiteTeamCountry "HON"]
[BlackTeamCountry "LIE"]

1. e4 g6 2. d4 Bg7 3. Nc3 d6 4. f4 a6 5. Nf3 b5 6. Bd3 Bb7 7. 0-0 Nd7 8. e5 Nh6 9. a4 b4 10. Ne2 a5 11. c3 bxc3 12. bxc3 0-0 13. Ng3 e6 14. Ba3 Nb6 15. Rb1 Bc6 16. exd6 cxd6 17. Ne4 Bxe4 18. Bxe4 Rb8 19. Bd3 Qc7 20. Rb5 Rfd8 21. c4 Nxc4 22. Bxc4 Qxc4 23. Rxb8 Rxb8 24. Bxd6 Rd8 25. Bc5 Nf5 26. Re1 Nxd4 27. Bxd4 Bxd4+ 28. Nxd4 Qxd4+ 29. Qxd4 Rxd4 30. g3 Rxa4 31. Kg2 Ra2+ 32. Kh3 Kg7 33. Re5 h5 34. g4 hxg4+ 35. Kxg4 a4 36. Ra5 a3 37. Kg3 Ra1 38. Kg2 Kf6 39. h3 a2 40. Kh2 Rf1 41. Rxa2 Rxf4 42. Kg3 g5 43. Ra8 Kf5 44. Ra5+ e5 45. Rb5 f6 46. Ra5 Rd4 47. Rb5 Rd3+ 48. Kg2 Kf4 49. Rb4+ e4 50. Ra4 Rd2+ 51. Kg1 f5 0-1

[Event "Olympiad-41"]
[Site "Tromsoe"]
[Date "2014.08.10"]
[Round "8.3"]
[White "Mannhart, Marcel"]
[Black "Del Castilho, Martyn Simon"]
[Result "0-1"]
[WhiteElo "2105"]
[BlackElo "2221"]
[PlyCount "136"]
[EventDate "2014.08.02"]
[EventType "team-swiss"]
[EventRounds "11"]
[EventCountry "NOR"]
[SourceTitle "CBM 162"]
[Source "ChessBase"]
[SourceDate "2014.09.17"]
[SourceVersion "1"]
[SourceVersionDate "2014.09.17"]
[SourceQuality "1"]
[WhiteTeam "Liechtenstein"]
[BlackTeam "Barbados"]
[WhiteTeamCountry "LIE"]
[BlackTeamCountry "BAR"]

1. Nc3 Nf6 2. e4 e5 3. g3 Nc6 4. Bg2 Bc5 5. d3 a6 6. Nh3 d6 7. f3 h6 8. Nf2 Nd4 9. Ne2 d5 10. Nxd4 Bxd4 11. c3 Ba7 12. Qe2 dxe4 13. dxe4 Be6 14. Be3 Bxe3 15. Qxe3 0-0 16. 0-0 Qe7 17. Rfd1 a5 18. Bf1 Rfd8 19. Rxd8+ Rxd8 20. Be2 b6 21. a3 Bb3 22. Bd1 Qe6 23. Qe2 Bc4 24. Qe3 Qd7 25. Rc1 Qd2 26. Qxd2 Rxd2 27. Rc2 Rd8 28. Rc1 Nd7 29. Bc2 Nc5 30. Rd1 Rxd1+ 31. Nxd1 a4 32. Kf2 Kf8 33. Ke3 Ke7 34. Nf2 Kd6 35. Bd1 b5 36. Bc2 c6 37. Bd1 Nd7 38. Bc2 Nb6 39. h4 Be6 40. Bd3 Kc5 41. Nd1 Bb3 42. Nf2 Bc4 43. Bb1 h5 44. Kd2 f6 45. Bc2 g5 46. Bb1 Nd7 47. hxg5 fxg5 48. Ke1 Nf8 49. Nd1 Ne6 50. Ne3 h4 51. Kf2 Nf8 52. Kg2 Ng6 53. Kh3 Be6+ 54. Nf5 hxg3 55. Kxg3 Nf4 56. Kg4 Kc4 57. Ba2+ Kd3 58. Bxe6 Nxe6 59. Ne7 Nd8 60. Kxg5 Kc2 61. Ng6 Kxb2 62. Nxe5 Kxa3 63. f4 Kb3 64. f5 a3 65. f6 a2 66. Nxc6 Nxc6 67. f7 Nd8 68. Kg6 Nxf7 0-1

[Event "EU Small Countries ol 3rd"]
[Site "Monte Carlo"]
[Date "2013.11.27"]
[Round "3"]
[White "Rodgaard, John"]
[Black "Mannhart, Marcel"]
[Result "1-0"]
[WhiteElo "2366"]
[BlackElo "2099"]
[PlyCount "109"]
[EventDate "2013.11.25"]
[EventType "team-tourn"]
[EventRounds "9"]
[EventCountry "MNC"]
[SourceTitle "CBM 157 Extra"]
[Source "ChessBase"]
[SourceDate "2013.12.19"]
[SourceVersion "1"]
[SourceVersionDate "2013.12.19"]
[SourceQuality "1"]
[WhiteTeam "Faroe Islands"]
[BlackTeam "Liechenstein"]
[WhiteTeamCountry "FAI"]
[BlackTeamCountry "LIE"]

1. Nf3 d6 2. d4 Bg4 3. Nbd2 e6 4. h3 Bh5 5. c4 c6 6. e4 Nd7 7. Qb3 Qb6 8. Qc3 Ngf6 9. Bd3 e5 10. 0-0 Be7 11. dxe5 dxe5 12. Nxe5 0-0-0 13. Nxd7 Nxd7 14. e5 Bb4 15. Qc2 Nxe5 16. Bf5+ Kb8 17. Nb3 Bc5 18. Bf4 f6 19. Rae1 Rhe8 20. Bxh7 Ka8 21. Bxe5 fxe5 22. Bg6 Bxg6 23. Qxg6 Bd4 24. Re2 c5 25. Qxb6 axb6 26. Rfe1 Rf8 27. g3 Ka7 28. Kg2 Ka6 29. Nc1 Rf5 30. Nd3 Rdf8 31. Rf1 Re8 32. g4 Rf6 33. f4 e4 34. Rfe1 e3 35. h4 b5 36. b3 bxc4 37. bxc4 b5 38. cxb5+ Kxb5 39. g5 Rf5 40. Kf3 Kc4 41. Rd1 Ref8 42. Ke4 g6 43. Rc2+ Kb5 44. Rb1+ Kc6 45. Rh1 Re8+ 46. Kf3 Kd5 47. Rhc1 Ref8 48. a4 R5f7 49. a5 Rc7 50. Ne1 Rb8 51. Ng2 Rb3 52. Re2 Re7 53. f5 gxf5 54. h5 c4 55. h6 1-0

[Event "Liechtenstein op 31st"]
[Site "Triesen"]
[Date "2013.05.08"]
[Round "6"]
[White "Kessler, Luca"]
[Black "Mannhart, Marcel"]
[Result "1-0"]
[WhiteElo "2242"]
[BlackElo "2094"]
[PlyCount "77"]
[EventDate "2013.05.03"]
[EventType "swiss"]
[EventRounds "9"]
[EventCountry "LIE"]
[SourceTitle "CBM 154 Extra"]
[Source "ChessBase"]
[SourceDate "2013.06.25"]
[SourceVersion "2"]
[SourceVersionDate "2013.06.25"]
[SourceQuality "1"]

1. d4 Nf6 2. c4 d6 3. Nc3 Nbd7 4. e4 e5 5. Nf3 g6 6. Be2 Bg7 7. 0-0 0-0 8. Qc2 c6 9. Rd1 Qc7 10. Rb1 Re8 11. b4 Nf8 12. d5 cxd5 13. Nb5 Qb8 14. cxd5 Bg4 15. Nc3 Rc8 16. Qb3 Qc7 17. Bd2 Ne8 18. Rbc1 Qd8 19. a4 h6 20. a5 f5 21. h3 Bh5 22. Qb1 f4 23. g4 fxg3 24. fxg3 g5 25. Kg2 Nf6 26. Be3 Bg6 27. Nd2 N8h7 28. Nb5 Rxc1 29. Rxc1 a6 30. Bb6 Qf8 31. Nc7 Rc8 32. Bd3 Bf7 33. b5 axb5 34. Nxb5 Rxc1 35. Qxc1 Ne8 36. Qc8 h5 37. Qxb7 h4 38. g4 Bg6 39. Be3 1-0

[Event "Liechtenstein op 31st"]
[Site "Triesen"]
[Date "2013.05.05"]
[Round "3"]
[White "Leimeister, Winfried"]
[Black "Mannhart, Marcel"]
[Result "1/2-1/2"]
[WhiteElo "1921"]
[BlackElo "2094"]
[PlyCount "39"]
[EventDate "2013.05.03"]
[EventType "swiss"]
[EventRounds "9"]
[EventCountry "LIE"]
[SourceTitle "CBM 154 Extra"]
[Source "ChessBase"]
[SourceDate "2013.06.25"]
[SourceVersion "2"]
[SourceVersionDate "2013.06.25"]
[SourceQuality "1"]

1. e4 d6 2. d3 Nf6 3. Nd2 e5 4. Ngf3 c6 5. c3 Be7 6. Be2 0-0 7. 0-0 Ne8 8. d4 Qc7 9. Nc4 Nd7 10. Ne3 Ndf6 11. Qc2 g6 12. Nc4 Nd7 13. Bh6 Ng7 14. Bd3 f6 15. Ne3 Kh8 16. h3 Nb6 17. Nh2 Be6 18. f4 c5 19. d5 Bd7 20. c4 1/2-1/2

[Event "Olympiad-40"]
[Site "Istanbul"]
[Date "2012.09.03"]
[Round "6.3"]
[White "Abrantes, Persson"]
[Black "Mannhart, Marcel"]
[Result "1/2-1/2"]
[WhiteElo "1967"]
[BlackElo "2066"]
[PlyCount "63"]
[EventDate "2012.08.28"]
[EventType "team-swiss"]
[EventRounds "11"]
[EventCountry "TUR"]
[SourceTitle "CBM 151"]
[Source "ChessBase"]
[SourceDate "2012.11.13"]
[SourceVersion "1"]
[SourceVersionDate "2012.11.13"]
[SourceQuality "1"]
[WhiteTeam "Mozambique"]
[BlackTeam "Liechtenstein"]
[WhiteTeamCountry "MOZ"]
[BlackTeamCountry "LIE"]

1. d4 d6 2. c4 e5 3. dxe5 dxe5 4. Qxd8+ Kxd8 5. Nf3 f6 6. e4 Bb4+ 7. Bd2 Bxd2+ 8. Nbxd2 Be6 9. Nb3 Nd7 10. 0-0-0 Kc8 11. Be2 Ne7 12. Nfd2 a5 13. a4 Nc6 14. Kb1 Rd8 15. c5 Nf8 16. Nc4 Rd7 17. Rxd7 Kxd7 18. Rd1+ Ke7 19. Kc2 Bf7 20. Rd2 Ne6 21. Ne3 Ned4+ 22. Nxd4 Nxd4+ 23. Kc3 Rd8 24. Bc4 Bxc4 25. Kxc4 c6 26. Nf5+ Nxf5 27. Rxd8 Kxd8 28. exf5 Kc7 29. h4 Kb8 30. g4 h6 31. g5 h5 32. b4 1/2-1/2

[Event "Olympiad-40"]
[Site "Istanbul"]
[Date "2012.08.29"]
[Round "2.3"]
[White "Mannhart, Marcel"]
[Black "Garcia Paolicchi, Raul"]
[Result "1-0"]
[WhiteElo "2066"]
[BlackElo "2193"]
[PlyCount "199"]
[EventDate "2012.08.28"]
[EventType "team-swiss"]
[EventRounds "11"]
[EventCountry "TUR"]
[SourceTitle "CBM 151"]
[Source "ChessBase"]
[SourceDate "2012.11.13"]
[SourceVersion "1"]
[SourceVersionDate "2012.11.13"]
[SourceQuality "1"]
[WhiteTeam "Liechtenstein"]
[BlackTeam "Andorra"]
[WhiteTeamCountry "LIE"]
[BlackTeamCountry "AND"]

1. Nc3 c5 2. e4 e6 3. Nf3 a6 4. g3 d6 5. Bg2 b5 6. 0-0 Bb7 7. d3 Be7 8. Ne1 Qc7 9. f4 Nc6 10. Nf3 Nf6 11. Ne2 0-0 12. Kh1 Rac8 13. Be3 Qb8 14. Nd2 d5 15. e5 Ng4 16. Bg1 Nh6 17. c3 b4 18. d4 bxc3 19. bxc3 cxd4 20. cxd4 Na5 21. Rb1 Nc4 22. Nxc4 Rxc4 23. Qb3 Rb4 24. Qd3 Bc6 25. Rxb4 Qxb4 26. Rb1 Qa5 27. Qc3 Qxc3 28. Nxc3 Rc8 29. Bf1 a5 30. Bd3 Bb4 31. Ne2 Ba4 32. Kg2 g6 33. Kf3 Kf8 34. g4 Ke8 35. Be3 Ng8 36. f5 Ne7 37. fxe6 fxe6 38. a3 Bc3 39. Bb5+ Bxb5 40. Rxb5 a4 41. Rb6 Ba1 42. Rxe6 Rc6 43. Nf4 Rxe6 44. Nxe6 Bb2 45. Nc5 Nc6 46. Nxa4 Nxd4+ 47. Kf2 Ba1 48. Nb6 Nb5 49. Nxd5 Nxa3 50. e6 Nb5 51. Kf3 Nc3 52. Nxc3 Bxc3 53. Ke4 Ke7 54. Kd5 Bf6 55. Bc5+ Ke8 56. Bf2 Ke7 57. h3 Bc3 58. Bc5+ Ke8 59. Bd4 Bb4 60. Bf6 Ba5 61. h4 Bb4 62. h5 Ba3 63. Bg5 Bb4 64. Ke4 Ba3 65. Bh4 Bb4 66. Ke5 Bc3+ 67. Kd5 Bb2 68. Be1 Ba3 69. Bc3 Ke7 70. Bd2 Bb2 71. Bb4+ Ke8 72. Kd6 Bf6 73. Bd2 Bb2 74. Be3 Bc3 75. Bc5 Bb2 76. e7 Bc3 77. Ke6 Bb2 78. Be3 Bc3 79. Bg5 Bd4 80. hxg6 hxg6 81. Bf6 Bc5 82. Bg5 Bd4 83. Bh4 Bc3 84. Bf6 Bb4 85. Bg5 Bc3 86. Bf4 Bb4 87. Bd6 Bc3 88. Be5 Bb4 89. Kf6 Bxe7+ 90. Kxg6 Kf8 91. Bf6 Bc5 92. Kh7 Be3 93. Bg7+ Kf7 94. Bh6 Bd4 95. g5 Ke6 96. g6 Bf6 97. Bg7 Be7 98. Bc3 Bf8 99. Bd2 Kf6 100. Bh6 1-0

[Event "Liechtenstein op 30th"]
[Site "Triesen"]
[Date "2012.05.13"]
[Round "3"]
[White "Schachinger, Mario"]
[Black "Mannhart, Marcel"]
[Result "1-0"]
[WhiteElo "2385"]
[BlackElo "2079"]
[PlyCount "43"]
[EventDate "2012.05.11"]
[EventType "swiss"]
[EventRounds "9"]
[EventCountry "LIE"]
[SourceTitle "CBM 148 Extra"]
[Source "ChessBase"]
[SourceDate "2012.06.22"]
[SourceVersion "1"]
[SourceVersionDate "2012.06.22"]
[SourceQuality "1"]

1. c4 g6 2. g3 Bg7 3. Bg2 c5 4. Nc3 Nc6 5. Nf3 d6 6. 0-0 e5 7. d3 Nge7 8. Bd2 0-0 9. a3 a5 10. Rb1 Nd4 11. b4 axb4 12. axb4 Nec6 13. bxc5 dxc5 14. Nxd4 exd4 15. Ne4 Qe7 16. Rb5 Na7 17. Rb6 Nc6 18. Bf4 Be5 19. Qd2 f5 20. Ng5 Ra6 21. Rxa6 bxa6 22. Bxc6 1-0

[Event "Liechtenstein op 28th"]
[Site "Triesen"]
[Date "2010.05.09"]
[Round "3"]
[White "Schachinger, Mario"]
[Black "Mannhart, Marcel"]
[Result "1-0"]
[WhiteElo "2356"]
[BlackElo "2137"]
[PlyCount "103"]
[EventDate "2010.05.07"]
[EventType "swiss"]
[EventRounds "9"]
[EventCountry "LIE"]
[SourceTitle "CBM 136 Extra"]
[Source "ChessBase"]
[SourceDate "2010.07.02"]
[SourceVersion "2"]
[SourceVersionDate "2010.07.15"]
[SourceQuality "1"]

1. d4 Nf6 2. c4 Nc6 3. Nf3 e6 4. g3 d5 5. Bg2 dxc4 6. Qa4 Bb4+ 7. Bd2 Nd5 8. Bxb4 Ndxb4 9. 0-0 0-0 10. a3 Nd5 11. Qxc4 Nb6 12. Qd3 Qe7 13. Nbd2 Rd8 14. Nc4 Nxd4 15. Nxd4 c5 16. Nxb6 axb6 17. Qb3 cxd4 18. e3 d3 19. Rfd1 d2 20. Qc3 Qd6 21. b4 Qd3 22. Qxd3 Rxd3 23. Ra2 Kf8 24. Raxd2 Rdxa3 25. Rd8+ Ke7 26. Bxb7 Bxb7 27. R8d7+ Kf6 28. Rxb7 Ra1 29. Rxa1 Rxa1+ 30. Kg2 b5 31. Rxb5 Ra7 32. g4 h6 33. h4 Ke7 34. Kf3 Kd6 35. Ke4 Kc6 36. Rb8 Rd7 37. h5 f6 38. f4 Re7 39. Rd8 Kb5 40. Rb8+ Kc6 41. Kd3 Kc7 42. Rb5 Rd7+ 43. Ke4 Re7 44. Rc5+ Kb6 45. Kf3 Re8 46. g5 Rd8 47. g6 Kb7 48. Rc4 Rd5 49. Re4 Rd6 50. Rd4 Kc7 51. Rxd6 Kxd6 52. Ke4 1-0

[Event "Liechtenstein op 27th"]
[Site "Triesen"]
[Date "2009.05.19"]
[Round "5"]
[White "Bezler, Rainer"]
[Black "Mannhart, Marcel"]
[Result "1/2-1/2"]
[WhiteElo "2281"]
[BlackElo "2140"]
[PlyCount "100"]
[EventDate "2009.05.15"]
[EventType "swiss"]
[EventRounds "9"]
[EventCountry "LIE"]
[SourceTitle "CBM 130 Extra"]
[Source "ChessBase"]
[SourceDate "2009.07.02"]
[SourceVersion "2"]
[SourceVersionDate "2009.07.15"]
[SourceQuality "1"]

1. e4 c6 2. d4 d5 3. Nc3 g6 4. Nf3 Bg7 5. Be2 dxe4 6. Nxe4 Nd7 7. c4 Ngf6 8. Nc3 0-0 9. Bf4 Nh5 10. Bg5 Re8 11. 0-0 h6 12. Be3 Qc7 13. Qd2 Kh7 14. Rfe1 f5 15. d5 e5 16. dxe6 Ndf6 17. Bd4 Bxe6 18. Be5 Qf7 19. b3 Rad8 20. Qc2 Bf8 21. Rad1 Ng4 22. Bd4 c5 23. Be5 Nhf6 24. Nb5 Ne4 25. Rxd8 Rxd8 26. Bc7 Re8 27. Ne5 Nxe5 28. Bxe5 Bd7 29. Bb2 a6 30. Nc7 Rc8 31. Nd5 Bc6 32. Bd3 Bxd5 33. cxd5 Qxd5 34. Bxe4 fxe4 35. Qc3 Qd4 36. Qh3 Qd2 37. Bc3 Qd8 38. Qe6 Rc7 39. Qxe4 Re7 40. Be5 Qd2 41. f4 Bg7 42. h3 Bxe5 43. fxe5 Qd4+ 44. Qxd4 cxd4 45. Re4 d3 46. Kf2 d2 47. Ke2 Rd7 48. Kd1 Kg7 49. Re2 Kf8 50. Rxd2 Ke7 1/2-1/2

[Event "Olympiad-38"]
[Site "Dresden"]
[Date "2008.11.22"]
[Round "9"]
[White "Mannhart, Marcel"]
[Black "Mas, Hafizulhelmi"]
[Result "1/2-1/2"]
[WhiteElo "2154"]
[BlackElo "2439"]
[PlyCount "77"]
[EventDate "2008.11.13"]
[EventType "team-swiss"]
[EventRounds "11"]
[EventCountry "GER"]
[SourceTitle "CBM 128"]
[Source "ChessBase"]
[SourceDate "2009.01.28"]
[SourceVersion "1"]
[SourceVersionDate "2009.01.28"]
[SourceQuality "1"]
[WhiteTeam "Liechtenstein"]
[BlackTeam "Malaysia"]
[WhiteTeamCountry "LIE"]
[BlackTeamCountry "MAS"]

1. Nc3 c5 2. Nf3 a6 3. e4 b5 4. d3 Bb7 5. g3 e6 6. Bg2 d6 7. 0-0 Nd7 8. Ng5 Ngf6 9. f4 Qc7 10. Qe2 b4 11. Nd1 h6 12. Nf3 Nb6 13. Nf2 Be7 14. c3 a5 15. Re1 0-0 16. e5 Nh7 17. Ng4 Rfd8 18. exd6 Bxd6 19. c4 Nd7 20. Bd2 Nb8 21. Rad1 Nc6 22. Be3 Be7 23. Qf2 Nd4 24. Bxd4 cxd4 25. Qe2 Bc5 26. Nfe5 Rac8 27. Bxb7 Qxb7 28. Qg2 Qc7 29. Re2 Nf8 30. Rde1 f6 31. Nf3 Qd7 32. Nf2 Qa4 33. Ra1 Ra8 34. Ne4 Be7 35. Kh1 Ra6 36. Nf2 Bc5 37. Ne4 Be7 38. Nf2 Bc5 39. Ne4 1/2-1/2

[Event "Olympiad-38"]
[Site "Dresden"]
[Date "2008.11.21"]
[Round "8"]
[White "Pesqueira, Jose"]
[Black "Mannhart, Marcel"]
[Result "1/2-1/2"]
[WhiteElo "1985"]
[BlackElo "2154"]
[PlyCount "71"]
[EventDate "2008.11.13"]
[EventType "team-swiss"]
[EventRounds "11"]
[EventCountry "GER"]
[SourceTitle "CBM 128"]
[Source "ChessBase"]
[SourceDate "2009.01.28"]
[SourceVersion "1"]
[SourceVersionDate "2009.01.28"]
[SourceQuality "1"]
[WhiteTeam "Aruba"]
[BlackTeam "Liechtenstein"]
[WhiteTeamCountry "ARN"]
[BlackTeamCountry "LIE"]

1. d4 Nf6 2. c4 Nc6 3. Nf3 e6 4. Nc3 Bb4 5. e3 d6 6. Qc2 0-0 7. Bd3 e5 8. d5 Ne7 9. e4 Nd7 10. Be3 Nc5 11. 0-0 Ng6 12. a3 Bxc3 13. Qxc3 Nxd3 14. Qxd3 f5 15. exf5 Bxf5 16. Qd2 Bd7 17. Ng5 Nf4 18. Ne4 Qe8 19. f3 b6 20. Kh1 Qg6 21. b4 Bf5 22. Bxf4 exf4 23. Qxf4 Rae8 24. Qh4 Bxe4 25. fxe4 Qxe4 26. Rxf8+ Kxf8 27. Rf1+ Kg8 28. Qf2 Qe7 29. h3 h6 30. Qc2 Qe4 31. Qxe4 Rxe4 32. Rc1 Re3 33. c5 dxc5 34. bxc5 bxc5 35. Rxc5 Rxa3 36. Rxc7 1/2-1/2

[Event "Olympiad-38"]
[Site "Dresden"]
[Date "2008.11.20"]
[Round "7"]
[White "Mannhart, Marcel"]
[Black "Merritt, Mario"]
[Result "1/2-1/2"]
[WhiteElo "2154"]
[BlackElo "2123"]
[PlyCount "66"]
[EventDate "2008.11.13"]
[EventType "team-swiss"]
[EventRounds "11"]
[EventCountry "GER"]
[SourceTitle "CBM 128"]
[Source "ChessBase"]
[SourceDate "2009.01.28"]
[SourceVersion "1"]
[SourceVersionDate "2009.01.28"]
[SourceQuality "1"]
[WhiteTeam "Liechtenstein"]
[BlackTeam "Trinidad and Tobago"]
[WhiteTeamCountry "LIE"]
[BlackTeamCountry "TRI"]

1. Nc3 c5 2. Nf3 Nc6 3. d4 cxd4 4. Nxd4 g6 5. Be3 Nf6 6. Nxc6 bxc6 7. Bd4 Bg7 8. Ne4 Qa5+ 9. Bc3 Qf5 10. Nxf6+ Bxf6 11. Qd3 d5 12. e3 0-0 13. Qxf5 Bxc3+ 14. bxc3 Bxf5 15. Bd3 Bxd3 16. cxd3 Rab8 17. 0-0-0 Rb6 18. Kc2 Ra6 19. Ra1 f5 20. Rhb1 f4 21. e4 dxe4 22. dxe4 Rd8 23. Rd1 Rd6 24. a4 Rxd1 25. Kxd1 Rb6 26. Kc2 Kf7 27. Rd1 Ke6 28. f3 Rb8 29. Rd4 g5 30. Rb4 Rb6 31. Kb3 Kd6 32. Kc4 e5 33. a5 Rxb4+ 1/2-1/2